Movies Quiz

Random Movies or Cast Quiz

Natalie Portman or Keira Knightley Quiz Stats

 Plays Quiz Updated Jan 9, 2018

Score 0/20 Timer 04:00
1 Play Today
Question Answer Wrong Answers
Black Swan (2010) Natalie Portman
93.6%
Keira Knightley
3.4%
V for Vendetta (2005) Natalie Portman
88.9%
Keira Knightley
7.8%
Bend It Like Beckham (2002) Keira Knightley
86.1%
Natalie Portman
10.6%
Léon: The Professional (1994) Natalie Portman
82.3%
Keira Knightley
14.1%
No Strings Attached (2011) Natalie Portman
79.2%
Keira Knightley
17.3%
King Arthur (2004) Keira Knightley
78.5%
Natalie Portman
17.9%
Atonement (2007) Keira Knightley
76.9%
Natalie Portman
19.6%
The Duchess (2008) Keira Knightley
76.9%
Natalie Portman
19.5%
Anna Karenina (2012) Keira Knightley
76%
Natalie Portman
20.5%
Closer (2004) Natalie Portman
72.4%
Keira Knightley
23.9%
London Boulevard (2010) Keira Knightley
71.9%
Natalie Portman
24.4%
Mr. Magorium's Wonder Emporium (2007) Natalie Portman
69.2%
Keira Knightley
27.3%
Domino (2005) Keira Knightley
64.4%
Natalie Portman
31.9%
The Other Boleyn Girl (2008) Natalie Portman
63.4%
Keira Knightley
33.1%
Begin Again (2013) Keira Knightley
61.6%
Natalie Portman
34.7%
A Dangerous Method (2011) Keira Knightley
58.6%
Natalie Portman
37.6%
The Other Woman (Love and Other Impossible Pursuits) (2009) Natalie Portman
55.5%
Keira Knightley
40.6%
Goya's Ghosts (2006) Natalie Portman
54.4%
Keira Knightley
41.9%
Silk (2007) Keira Knightley
52.3%
Natalie Portman
44%
Your Highness (2011) Natalie Portman
51.2%
Keira Knightley
45.1%

You're not logged in!

Compare scores with friends on all Sporcle quizzes.
Join for Free
OR
Log In

You Might Also Like...

Show Comments

Extras

Top Quizzes Today


Score Distribution

Your Account Isn't Verified!

In order to create a playlist on Sporcle, you need to verify the email address you used during registration. Go to your Sporcle Settings to finish the process.

Report this User

Report this user for behavior that violates our Community Guidelines.

Details: